000
00312nam a22001337a 4500
020
_a
9780552175692
040
_c
NUST
082
_a
823 BRO
100
_a
Brown, Dan
_9
9885
245
_a
Origin
260
_a
New York:
_b
Corgi Books Penguin Random House,
_c
2017.
650
_a
English Fiction
942
_2
ddc
_c
BK
999
_c
593633
_d
593633